000 00842cab a2200229 4500
001 X93858
008 090401t1998 xxu||||| |||| 00| 0 eng d
035 _a(Sirsi) u88449
041 _aeng
245 _aR v Bolton MC ex parte Kirkman
260 _c1998
350 _a0
490 _aJournal of Planning and Environment Law
_v(1998) JPL 787-810(14)
520 _aQBD 19 December 1997. Judicial review - planning permissions - material considerations - Materiality of environmental considerations - Management Licensing Regulations 1994 - Waste Framework Directive - discretion to quash.
650 _aMANAGEMENT LICENSING REGULATIONS 1994
650 _aPLANNING PERMISSION
650 _aR V BOLTON MBC EX P KIRKMAN
650 _aDIRECTIVE 75/442/EEC
690 _aPLANNING LAW AND PRACTICE
942 _n0
948 _c11/09/1998
999 _c55871
_d55871